Scarlett Johansson Movies - Statistics

General Stats
  • This quiz has been taken 111 times
    49 since last reset
  • The average score is 23 of 73
Answer Stats
Year Movie % Correct
2015 Avengers: Age of Ultron
97%
2019 Avengers: Endgame
97%
2018 Avengers: Infinity War
97%
2012 The Avengers
97%
2021 Black Widow
92%
2016 Captain America: Civil War
84%
2014 Captain America: The Winter Soldier
84%
2010 Iron Man 2
78%
2014 Lucy
70%
2003 Lost in Translation
68%
2019 Jojo Rabbit
57%
2019 Marriage Story
54%
1997 Home Alone 3
51%
2017 Ghost in the Shell
49%
2013 Her
46%
2013 Don Jon
43%
2005 Match Point
43%
2016 Sing
43%
2021 Sing 2
43%
2013 Under the Skin
43%
2008 Vicky Cristina Barcelona
43%
2019 Captain Marvel
41%
2001 Ghost World
41%
2005 The Island
41%
2008 The Other Boleyn Girl
41%
2017 Thor: Ragnarok
41%
2023 Asteroid City
35%
2011 We Bought A Zoo
35%
2024 Fly Me to the Moon
32%
2003 Girl With a Pearl Earring
32%
1998 The Horse Whisperer
32%
2016 The Jungle Book
32%
2007 The Nanny Diaries
32%
2014 Chef
30%
2006 The Prestige
30%
2017 Rough Night
27%
2006 Scoop
27%
2004 The Perfect Score
27%
2004 A Love Song for Bobby Long
22%
2002 Eight Legged Freaks
22%
2018 Isle of Dogs
22%
2017 Spider-Man: Homecoming
22%
2024 Transformers One
22%
2004 A Good Woman
19%
2012 Hitchcock
19%
1994 North
19%
2006 The Black Dahlia
19%
2004 The SpongeBob SqaurePants Movie
16%
2016 Hail, Caesar!
14%
2004 In Good Company
14%
2008 The Spirit
14%
1995 Just Cause
11%
2023 North Star
11%
1996 If Lucy Fell
8%
1996 Manny and Lo
8%
2025 The Phoenician Scheme
8%
2001 An American Rhapsody
5%
2018 Ant-Man and the Wasp
5%
1997 Fall
5%
1999 My Brother the Pig
5%
2001 The Man Who Wasn't There
5%
2025 Eleanor the Great
3%
TBD Featherwood
3%
2009 He's Just That Not Into You
3%
2019 Spider-Man: Far From Home
3%
TBD The Gauntlet
3%
TBD Bride
0%
2011 Days of Grace
0%
2012 Final Cut: Ladies and Gentlemen
0%
2025 Jurassic World 7
0%
TBD Little Shop of Horrors
0%
TBD Reflective Light
0%
TBD Tower of Terror
0%
No matching quizzes found
Score Distribution
Percent of People with Each Score
Percentile by Number Answered
Your Score History
You have not taken this quiz since the last reset